<?xml version="1.0" encoding="UTF-8"?>
<record
    xmlns:xsi="http://www.w3.org/2001/XMLSchema-instance"
    xsi:schemaLocation="http://www.loc.gov/MARC21/slim http://www.loc.gov/standards/marcxml/schema/MARC21slim.xsd"
    xmlns="http://www.loc.gov/MARC21/slim">

  <leader>01387nam a22002057a 4500</leader>
  <controlfield tag="003">OSt</controlfield>
  <controlfield tag="005">20260408102114.0</controlfield>
  <controlfield tag="008">260408b        |||||||| |||| 00| 0 eng d</controlfield>
  <datafield tag="082" ind1=" " ind2=" ">
    <subfield code="2">9789972209741</subfield>
  </datafield>
  <datafield tag="100" ind1=" " ind2=" ">
    <subfield code="a">Mar&#xED;a Consuelo Bola&#xF1;os Rodr&#xED;guez.</subfield>
  </datafield>
  <datafield tag="245" ind1=" " ind2=" ">
    <subfield code="a">Curso de Ingl&#xE9;s en 120 Horas</subfield>
  </datafield>
  <datafield tag="250" ind1=" " ind2=" ">
    <subfield code="a">1RA EDICION</subfield>
  </datafield>
  <datafield tag="260" ind1=" " ind2=" ">
    <subfield code="a">China.</subfield>
    <subfield code="b"> Lexus Editores</subfield>
    <subfield code="c">2012</subfield>
  </datafield>
  <datafield tag="300" ind1=" " ind2=" ">
    <subfield code="a">288 p&#xE1;ginas</subfield>
    <subfield code="b"> Incluye 3 CD-ROMs y 3 DVDs de video</subfield>
    <subfield code="c">24 x 34 cm</subfield>
  </datafield>
  <datafield tag="490" ind1=" " ind2=" ">
    <subfield code="3">tapa dura plastificada.</subfield>
  </datafield>
  <datafield tag="520" ind1=" " ind2=" ">
    <subfield code="a">Objetivo del Curso Lograr que el estudiante pase de un nivel inicial a uno intermedio-operativo, desarrollando las cuatro habilidades b&#xE1;sicas (hablar, escuchar, leer y escribir) mediante la asociaci&#xF3;n de im&#xE1;genes, sonidos y repetici&#xF3;n constante, eliminando la barrera del miedo al hablar.</subfield>
  </datafield>
  <datafield tag="650" ind1=" " ind2=" ">
    <subfield code="a">Fundamentos de Comunicaci&#xF3;n. Tiempos Verbales Esenciales Vocabulario de Supervivencia. Ingl&#xE9;s de Negocios y Social . Gram&#xE1;tica Aplicada</subfield>
    <subfield code="x">Bloque Te&#xF3;rico (Libro): 37 lecciones con explicaciones gramaticales, cuadros de vocabulario y lecturas.Bloque Auditivo-Visual (DVDs): Escenas de la vida diaria interpretadas por nativos para educar el o&#xED;do y corregir la pronunciaci&#xF3;n.Bloque de Pr&#xE1;ctica (CD-ROMs): Ejercicios de autoevaluaci&#xF3;n, juegos interactivos y tests para medir el progreso de las 120 horas.</subfield>
  </datafield>
  <datafield tag="700" ind1=" " ind2=" ">
    <subfield code="a">Mar&#xED;a Consuelo Bola&#xF1;os Rodr&#xED;guez.</subfield>
  </datafield>
  <datafield tag="942" ind1=" " ind2=" ">
    <subfield code="2">ddc</subfield>
    <subfield code="c">BKA</subfield>
    <subfield code="n">0</subfield>
  </datafield>
  <datafield tag="952" ind1=" " ind2=" ">
    <subfield code="0">0</subfield>
    <subfield code="1">0</subfield>
    <subfield code="2">ddc</subfield>
    <subfield code="4">0</subfield>
    <subfield code="7">0</subfield>
    <subfield code="8">E03</subfield>
    <subfield code="a">ISUS</subfield>
    <subfield code="b">ISUS</subfield>
    <subfield code="c">Biblioteca Abierta</subfield>
    <subfield code="d">2026-04-08</subfield>
    <subfield code="e">IDIOMAS </subfield>
    <subfield code="f">0478</subfield>
    <subfield code="i">0478</subfield>
    <subfield code="l">0</subfield>
    <subfield code="o">INGLES </subfield>
    <subfield code="p">IDIOMA0478</subfield>
    <subfield code="r">2026-04-08 10:22:28</subfield>
    <subfield code="t">1</subfield>
    <subfield code="w">2026-04-08</subfield>
    <subfield code="y">BKA</subfield>
  </datafield>
  <datafield tag="999" ind1=" " ind2=" ">
    <subfield code="c">2054</subfield>
    <subfield code="d">2054</subfield>
  </datafield>
</record>
